000 01350nkm a2200301 i 4500
001 3240
003 ES-MaACL
005 20250713062620.0
007 khrbo
008 050926s1983 sp --- g |001||spa d
100 0 _aAlfonso,
_d1902-1990
_919858
245 1 3 _aEl movimiento federalista en Europa [
_hFotografía] /
_cAlfonso (sello).
260 _a[S.l. :
_bs.n.],
_c1983.
300 _a3 fot. :
_bb. y n. ;
_c12 x 18 cm.
500 _aDatos basados en invitación.
511 0 _aIntervienen: José Vidal Beneyto, Luis de la Rasilla, César Díaz López, Igor Issacovitch Benegas, Carlos Mª Bru.
518 _aActo organizado por la Sección de Ciencias Políticas del Ateneo de Madrid, celebrado en el salón de actos el sábado, 17 de septiembre de 1983, a las 19:30 h.
600 1 4 _aVidal Beneyto, José.
_9114468
600 1 4 _aRasilla, Luis de la.
_995489
600 1 4 _aDíaz López, César.
_944328
600 1 4 _aIssacovitch Benegas, Igor.
_965601
600 1 4 _aBru, Carlos María.
_932040
610 2 4 _aAteneo de Madrid-
_xActos culturales-
_y1983-
_vFotografías.
_91896
710 2 _aAteneo de Madrid.
_bSección de Ciencias Morales y Políticas
_91985
852 _aES-MaACL
_jFOT 106/1983
856 4 _uhttp://www.ateneodemadrid.net/biblioteca_digital/imagenes/1983/0106-1983.jpg
_zVer imagen
999 _c3240
_d3240